Innovation and Growth in Corporate Restructurings Solution or Contradiction /

Phases of growth and decline are part of every organizational life and are, therefore, constantly represented in the management literature. Companies anticipating or facing downturns often react with restructuring activities in order to reverse the declining business situation in the long term. Achi...

Full description

Bibliographic Details
Main Author: Schmitt, Achim (Author)
Corporate Author: SpringerLink (Online service)
Format: Electronic eBook
Language:English
Published: Wiesbaden : Gabler, 2009.
Subjects:
Online Access:Full Text via HEAL-Link
LEADER 02422nam a22004455i 4500
001 978-3-8349-9462-2
003 DE-He213
005 20151204183846.0
007 cr nn 008mamaa
008 100301s2009 gw | s |||| 0|eng d
020 |a 9783834994622  |9 978-3-8349-9462-2 
024 7 |a 10.1007/978-3-8349-9462-2  |2 doi 
040 |d GrThAP 
050 4 |a HD28-70 
072 7 |a KJU  |2 bicssc 
072 7 |a BUS063000  |2 bisacsh 
082 0 4 |a 658.1  |2 23 
100 1 |a Schmitt, Achim.  |e author. 
245 1 0 |a Innovation and Growth in Corporate Restructurings  |h [electronic resource] :  |b Solution or Contradiction /  |c by Achim Schmitt. 
264 1 |a Wiesbaden :  |b Gabler,  |c 2009. 
300 |a XV, 284 p. 69 illus.  |b online resource. 
336 |a text  |b txt  |2 rdacontent 
337 |a computer  |b c  |2 rdamedia 
338 |a online resource  |b cr  |2 rdacarrier 
347 |a text file  |b PDF  |2 rda 
505 0 |a Literature Review -- Corporate Restructuring: A Comprehensive Process Model -- Research Methodology -- Research Findings -- Conclusions. 
520 |a Phases of growth and decline are part of every organizational life and are, therefore, constantly represented in the management literature. Companies anticipating or facing downturns often react with restructuring activities in order to reverse the declining business situation in the long term. Achim Schmitt examines the role of efficiency and growth through innovation within corporate restructuring efforts. He develops a restructuring model which deals with factors mediating (sources of organizational decline) and moderating (level of organizational slack) the relationship between restructuring activities and overall restructuring performance. The author tests the model empirically in the German-speaking consulting market for corporate restructurings. He, thereby, provides a state-of-the-art view of the factors and activities underlying successful corporate restructuring efforts. 
650 0 |a Business. 
650 0 |a Management. 
650 0 |a Organization. 
650 0 |a Planning. 
650 1 4 |a Business and Management. 
650 2 4 |a Organization. 
650 2 4 |a Management. 
710 2 |a SpringerLink (Online service) 
773 0 |t Springer eBooks 
776 0 8 |i Printed edition:  |z 9783834916235 
856 4 0 |u http://dx.doi.org/10.1007/978-3-8349-9462-2  |z Full Text via HEAL-Link 
912 |a ZDB-2-SBE 
950 |a Business and Economics (Springer-11643)